| 000 | 02371nam0a2200445 4500 | ||
|---|---|---|---|
| 001 | RU\NLR\bibl\730840 | ||
| 005 | 20260405071200.0 | ||
| 010 |
_a5-85210-223-7 _bв пер. _91000 |
||
| 021 |
_aRU _b2004-51584 _92537 |
||
| 035 | _aRSL-KNO-002464726 | ||
| 035 | _a(NLR Aleph) 000720807 | ||
| 090 |
_a701744 _c701744 |
||
| 100 | _a20040830d2004 |||y0rusy50 ca | ||
| 101 | 0 | _arus | |
| 102 | _aRU | ||
| 105 | _aa ||||||||| | ||
| 106 | _ar | ||
| 200 | 1 |
_aСолеобразование при добыче нефти _dSalt-formation during oil production _fВ. Е. Кащавцев, И. Т. Мищенко |
|
| 210 |
_aМ. _cОрбита-М _d2004 _gФГУП Изд-во Известия |
||
| 215 |
_a430, [1] с., [1] л. цв. портр. _cил., табл. _d22 |
||
| 300 | _aПосвящается 75-летию Российского государственного университета нефти газа имени И. М. Губкина | ||
| 300 | _aАвт. также на англ. яз.: Vladilen Ye. Kashchavtsev, Igor T. Mishchenko | ||
| 320 | _aБиблиогр.: с. 425-427 | ||
| 510 | 0 |
_6z20790 _aSalt-formation during oil production |
|
| 606 | 0 |
_aНефтепромысловые трубы _xСолеотложения _92079468 _3RU\NLR\auth\661255350 |
|
| 610 | 0 | _aГорное дело -- Разработка нефтяных месторождений -- Обслуживание нефтяных скважин. Осложнения при при добыче -- Борьба с отложениями солей -- Пособие для специалистов | |
| 610 | 0 | _aобводнённая нефть, добыча | |
| 686 |
_aИ361.64,07 _2rubbk |
||
| 686 | _aИ361.64 | ||
| 700 | 1 |
_4070 _8rus _7ca _aКащавцев _bВ. Е. _gВладилен Елистратович _3RU\NLR\auth\7724277 _97328 |
|
| 701 | 1 |
_4070 _7ca _8rus _aМищенко _bИ. Т. _f1937-2020 _gИгорь Тихонович _3RU\NLR\AUTH\7724280 _97331 |
|
| 790 | 1 |
_4070 _8rus _7ba _aKaščavcev _bV. E. _gVladilen Elistratovič _3RU\NLR\auth\7724278 _97329 |
|
| 790 | 1 |
_4070 _8rus _7ba _aMiščenko _bI. T. _f1937- _gIgor' Tichonovič _3RU\NLR\auth\7724283 _97334 |
|
| 801 | 0 |
_aRU _bRuMoRKP _c20040830 _grcr |
|
| 801 | 1 |
_aRU _bRuMoRGB _c20040830 |
|
| 801 | 2 |
_aRU _bNLR _c20050303 _gPSBO |
|
| 830 | _aавт по кн | ||
| 942 | _cBOOK | ||
| 980 | _aNB | ||